Statistics for Mystery Countries Commonality Puzzle #2

Click here to take the quiz!

General Stats

  • This quiz has been taken 385 times
  • The average score is 9 of 12

Answer Stats

Commonality#% Correct
Shared time zone219 ✓
93%
Number of letters652 ✓
92%
Their continent583 ✓
92%
No. of letters in capital584 ✓
90%
Number of flag colors505 ✓
90%
Number of borders496 ✓
88%
Their first letter247 ✓
82%
No. of Olympic medals801 ✓
78%
Capital's first letter248 ✓
78%
An official language1910 ✓
70%
Unknown CountryPARAGUAY
40%
Unknown CountryMYANMAR
23%

Score Distribution

Percentile by Number Answered

Percent of People with Each Score

Your Score History

You have not taken this quiz